AP Courses - Statistics

General Stats
  • This quiz has been taken 109 times
  • The average score is 27 of 40
Answer Stats
Hint Answer % Correct
Science Chemistry
93%
Science Biology
90%
Science Physics 1
89%
Language Spanish Language
89%
Language French
88%
Social Studies US History
85%
Language Chinese
81%
Language Japanese
81%
Math Calculus AB
80%
Math Calculus BC
80%
Social Studies World History
80%
Language German
79%
Math Statistics
79%
Science Physics 2
75%
Social Studies European History
74%
English English Language
73%
English English Literature
73%
Language Latin
73%
Social Studies US Government
70%
Math Precalculus
69%
Science Environmental Science
68%
Language Italian
67%
Social Studies Psychology
67%
Art Art History
65%
Capstone Seminar
62%
Capstone Research
60%
Social Studies Macroeconomics
57%
Social Studies Microeconomics
56%
Social Studies Human Geography
54%
Art Music Theory
52%
Social Studies Comparative Government
48%
Art 3D Art
46%
Social Studies African American Studies
46%
Math Computer Science Principles
46%
Language Spanish Literature
46%
Art 2D Art
44%
Math Computer Science A
44%
Art Drawing
44%
Science Physics C: Mechanics
43%
Science Physics C: Electricity and Magnetism
42%
No matching quizzes found
Score Distribution
Percent of People with Each Score
Percentile by Number Answered
Your Score History
You have not taken this quiz